000 00851nam a2200265 a 4500
001 65739
003 BD-RjUL
005 20211209081446.0
008 170311s1950 ru 000 1 eng d
035 _a(BD-RjUL)65869
035 _a(OCoLC)2394533
040 _aDLC
_cViW
_dUk
_dDLC
_dBD-RjUL
_beng
041 1 _aengrus
082 _223
_a891.73
_bPAH 1950
100 1 _aPavlenko, Pyotr
_d1899-1951.
_9194388
245 1 0 _aHappiness :
_ba novel /
_cPyotr Pavlenko ; Translated from the Russian by J. Fineberg
260 _aMoscow :
_bForeign Languages Pub. House,
_c1950.
300 _a400 p. ;
_c17 cm.
650 _aRussian fiction
_9194390
700 _aFineberg, J.
_9194391
830 _aLibrary of selected Soviet literature
_9194389
942 _2ddc
_cBK
999 _c65739
_d65739